| 000 | 01735nam0a2200349 i 4500 | ||
|---|---|---|---|
| 001 | RU\NLR\BIBL_A\011244832 | ||
| 005 | 20260406143640.0 | ||
| 021 |
_aRU _b2017-9092 _9664 |
||
| 035 | _a(NLR Aleph) 011244832 | ||
| 090 |
_a12137563 _c12137563 |
||
| 100 | _a20161014d2016 k y0rusy50 ca | ||
| 101 | 2 |
_arus _aeng |
|
| 102 | _aRU | ||
| 105 | _acha z 010gy | ||
| 200 | 1 |
_aСонеты _dSonnets _fУильям Шекспир _gподготовили А. Н. Горбунов [и др. _gРоссийская академия наук] _zeng |
|
| 210 |
_aМосква _cНаука _d2016 |
||
| 215 |
_a884 с., [9] л. ил., портр., факс. _cпортр., факс. _d22 |
||
| 225 | 1 |
_aЛитературные памятники _eЛП _fоснована акад. С. И. Вавиловым _fредкол.: ... А. Б. Куделин (пред.) и [др.] |
|
| 300 | _aАвт. также на англ. яз.: William Shakespeare | ||
| 300 | _aТекст сонетов на англ. и рус. яз. | ||
| 300 | _aВ конце кн.: Изд. приурочено к году англ. яз. в России (2016) и 400-летнему юбилею со дня смерти поэта | ||
| 320 | _aБиблиогр. в примеч.: с. 770-868 и в подстроч. примеч. | ||
| 510 | 1 |
_6z22 790 _aSonnets _zeng |
|
| 686 | 1 | _aШ6(4Вл)43-5{Лх1293-175} | |
| 686 | 1 | _aШ6(4Вл)437-5{Лх1293-175} | |
| 700 | 1 |
_8rus _7ca _aШекспир _bУ. _f1564-1616 _gУильям _3RU\NLR\AUTH\771995 _9112012 |
|
| 790 | 1 |
_8eng _7ba _aShakespeare _bW. _f1564-1616 _gWilliam _3RU\NLR\AUTH\773797 _9113789 |
|
| 942 | _cBOOK | ||
| 980 | _aNBR | ||